000 00567nam a2200205Ia 4500
005 20250508165125.0
008 008 250505s9999 xx 000 0 eng d
020 _a978-81-7541-514-0
037 _aTextual
040 _aFEDL
_beng
_cFEDL
041 _aeng
_2eng
084 _a371.33, TAN
_qFEDL
100 _aTandon Rajni
245 0 _aAudio-visual teaching: The holistic thinking
260 _aDelhi, India
_bShipra Publications
_c2011
300 _a148p.
365 _aINR
_b1495
942 _cTEXL
_h371.33, TAN
999 _c1393277
_d1393277